Countries That Don't Have an A in the Name - Statistics

General Stats
  • This quiz has been taken 710 times
    633 since last reset
  • The average score is 22 of 31
Answer Stats
Answer % Correct
Peru
93%
Chile
92%
Mexico
87%
Sweden
84%
Egypt
83%
Belize
82%
Fiji
79%
Greece
79%
Morocco
77%
Belgium
76%
Benin
76%
Togo
74%
Djibouti
73%
Luxembourg
72%
Yemen
72%
Turkey
71%
Kosovo
70%
Lesotho
70%
Niger
70%
Burundi
68%
Comoros
68%
Liechtenstein
67%
Cyprus
66%
Congo Republic
63%
Montenegro
62%
Seychelles
62%
Brunei
61%
Czech Republic
55%
Philippines
51%
United Kingdom
47%
Cote D'ivoire
28%
No matching quizzes found
Score Distribution
Percent of People with Each Score
Percentile by Number Answered
Your Score History
You have not taken this quiz since the last reset